000 00978nas a2200325 4500
001 BR0200345
003 BR-BrBNA
005 20231205102612.0
007 ta
008 230509b bl.|||p| |||| 00| 00por d
040 _aBR-BrBNA
_bpor
_cBiblioteca Nacional de Agricultura
041 _a(Pt)
072 _aP33
100 1 _aPedrotti, A.
100 1 _aPauletto, E.A.
100 1 _aCrestana, S.
100 1 _aFerreira, M.M.
100 1 _aDias Junior, M.S.
100 1 _aGomes, A.S.
100 1 _aTuratti, A.L.
245 1 _aResistencia mecanica a penetracao de um planossolo submetido a diferentes sistemas de cultivo
650 _aArroz Irrigado
650 _aFisica do Solo
650 _aVarzea
650 _aCompactacao do Solo
650 _aManejo do Solo
773 0 _tRevista Brasileira de Ciencia do Solo (Brazil)
_xISSN 0100-0683
_g(Jul-Dec 2001), v. 25(3) p. 521-529
_wBR0200345
909 _a202311
_bLúcia
_c55
_dLúcia Elande
942 _2AGRIS
_n0
_cANA
999 _c168381
_d168381